000 00730nam a2200217 i 4500
001 182268
003 ES-MaACL
005 20231121105205.0
008 130730s1985 sp |||| | spa d
080 _a616.89-008.441.33(460)
080 _a329(460)PSOE
245 0 0 _aEstrategia socialista ante la drogodependencia.
260 _a[Madrid :
_bPartido Socialista Obrero Español,
_c1985]
300 _a[16] p. ;
_c21 cm.
650 0 4 _aDrogas-
_xConsumo-
_xPrevención.
_9162137
710 2 _aPartido Socialista Obrero Español.
_96155
711 2 _aConferencia Socialista sobre Estrategia ante las Drogodependencias (
_d1985.
_cSegovia)
_9226194
852 _aES-MaACL
_j2316-F-16
942 _2udc
999 _c182268
_d182268